Geschichte der Komparatistik in Programmtexten : Grundbegriffe und Konzeptionen Im 20. Jahrhundert - Von Posnett Bis Bernheimer.

Bibliographic Details
Main Author: Zelle, Carsten.
Format: eBook
Language:German
Published: Berlin/Boston : Walter de Gruyter GmbH, 2024.
Edition:1st ed.
Series:Spectrum Literaturwissenschaft / Spectrum Literature Series
Subjects:
Online Access:Click to View
LEADER 02694nam a22003613i 4500
001 EBC31281571
003 MiAaPQ
005 20240729202206.0
006 m o d |
007 cr cnu||||||||
008 240729s2024 xx o ||||0 ger d
020 |a 9783111005768  |q (electronic bk.) 
035 |a (MiAaPQ)EBC31281571 
035 |a (Au-PeEL)EBL31281571 
040 |a MiAaPQ  |b eng  |e rda  |e pn  |c MiAaPQ  |d MiAaPQ 
100 1 |a Zelle, Carsten. 
245 1 0 |a Geschichte der Komparatistik in Programmtexten :  |b Grundbegriffe und Konzeptionen Im 20. Jahrhundert - Von Posnett Bis Bernheimer. 
250 |a 1st ed. 
264 1 |a Berlin/Boston :  |b Walter de Gruyter GmbH,  |c 2024. 
264 4 |c ©2024. 
300 |a 1 online resource (292 pages) 
336 |a text  |b txt  |2 rdacontent 
337 |a computer  |b c  |2 rdamedia 
338 |a online resource  |b cr  |2 rdacarrier 
490 1 |a Spectrum Literaturwissenschaft / Spectrum Literature Series ;  |v v.82 
505 0 |a Intro -- Inhaltsverzeichnis -- Vorwort -- Erster Teil: Theoretische Grundlegungen -- I Problematisierung komparatistischer Zentralbegriffe -- II Komparatistik als Fachdisziplin - ein Abriß im Voraus -- III Fremdheit -- IV Die vergleichende Tätigkeit - was man alles tut, wenn man vergleicht -- Zweiter Teil: Komparatistische Programmtexte -- I Komparatistik als Wissenschaft von der sozialen Evolution der Literatur - Hutcheson Macaulay Posnett (1901) -- II Beziehungswissenschaft - Fernand Baldensperger (1921) -- III Grenzüberschreitungswissenschaft - Paul van Tieghem (1931) -- IV Am besten einfach ‚Literaturwissenschaft' - René Wellek (1953 und 1958) -- V Die Komparatistik in der Erweiterung - Henry Remak (1961/1971) -- VI Ins Feuer mit dem Eurozentrismus! - René Étiemble (1962) -- VII Was war Komparatistik? - George Steiner (1994) -- VIII Eine Komparatistik nach der Komparatistik - der Bernheimer-Report (1993/1995) -- IX Komparatistik im Zeitalter von Zeitalterbeschleunigung und Zukunftspluralisierung -- Schluß -- Literaturverzeichnis -- Namensregister. 
588 |a Description based on publisher supplied metadata and other sources. 
590 |a Electronic reproduction. Ann Arbor, Michigan : ProQuest Ebook Central, 2024. Available via World Wide Web. Access may be limited to ProQuest Ebook Central affiliated libraries.  
655 4 |a Electronic books. 
776 0 8 |i Print version:  |a Zelle, Carsten  |t Geschichte der Komparatistik in Programmtexten  |d Berlin/Boston : Walter de Gruyter GmbH,c2024 
797 2 |a ProQuest (Firm) 
830 0 |a Spectrum Literaturwissenschaft / Spectrum Literature Series 
856 4 0 |u https://ebookcentral.proquest.com/lib/matrademy/detail.action?docID=31281571  |z Click to View